འབྲུག་གི་ནོར་བུ། (Record no. 549)

MARC details
000 -LEADER
fixed length control field 00646nam a2200217 4500
001 - CONTROL NUMBER
control field 756
005 - DATE AND TIME OF LATEST TRANSACTION
control field 20190920122350.0
008 - FIXED-LENGTH DATA ELEMENTS--GENERAL INFORMATION
fixed length control field 190920b ||||| |||| 00| 0 eng d
020 00 - INTERNATIONAL STANDARD BOOK NUMBER
International Standard Book Number 9789993667636
090 00 - LOCALLY ASSIGNED LC-TYPE CALL NUMBER (OCLC); LOCAL CALL NUMBER (RLIN)
Classification number (OCLC) (R) ; Classification number, CALL (RLIN) (NR) 954.98092 C549d 2009.
100 00 - MAIN ENTRY--PERSONAL NAME
Personal name Chopel, Kezang.
245 00 - TITLE STATEMENT
Title འབྲུག་གི་ནོར་བུ།
Statement of responsibility, etc. Kuzang Chopel.
260 00 - PUBLICATION, DISTRIBUTION, ETC.
Place of publication, distribution, etc. Thimphu :
Name of publisher, distributor, etc. Dorling Consultancy,
Date of publication, distribution, etc. 2009.
300 00 - PHYSICAL DESCRIPTION
Extent 150 p.
500 00 - GENERAL NOTE
General note In Dzongkha.
650 00 - SUBJECT ADDED ENTRY--TOPICAL TERM
Topical term or geographic name entry element Bhutan --Kings and rulers --Biography.
Topical term or geographic name entry element Jigme Singye Wangchuck, King of Bhutan, 1955-
700 ## - ADDED ENTRY--PERSONAL NAME
Personal name Lam Kezang.
Personal name Namgay Phuntsho.
942 ## - ADDED ENTRY ELEMENTS (KOHA)
Source of classification or shelving scheme Dewey Decimal Classification
Koha item type Dzongkha
Holdings
Withdrawn status Lost status Source of classification or shelving scheme Damaged status Not for loan Collection code Home library Current library Shelving location Date acquired Cost, normal purchase price Serial Enumeration / chronology Inventory number Total Checkouts Total Renewals Full call number Barcode Date last seen Date last checked out Copy number Price effective from Koha item type
    Dewey Decimal Classification     Dzongkha RTC Library RTC Library Dzongkha 08/03/2022 660.00 2798 3 1 954.98 CHO 30006127 30/10/2025 14/10/2025 3 27/11/2018 Dzongkha
    Dewey Decimal Classification     Dzongkha RTC Library RTC Library Dzongkha 08/03/2022 660.00 2805 1 2 954.98 CHO 30004905 26/06/2019 27/05/2019 2 27/11/2018 Dzongkha
    Dewey Decimal Classification     Reference RTC Library RTC Library Reference 08/03/2022 660.00 2806     954.98 CHO 30001946 27/11/2018   1 27/11/2018 Reference
    Dewey Decimal Classification     Dzongkha RTC Library RTC Library Dzongkha 08/03/2022 660.00 2799 5   954.98 CHO 30004915 25/05/2022 19/05/2022 8 27/11/2018 Dzongkha
    Dewey Decimal Classification     Dzongkha RTC Library RTC Library Dzongkha 19/10/2021 660.00 2804 4   954.98 CHO 30000113 25/05/2022 19/05/2022 7 27/11/2018 Dzongkha
    Dewey Decimal Classification     Dzongkha RTC Library RTC Library Dzongkha 03/01/2022 660.00 2802 2 1 954.98 CHO 30001956 13/06/2025 15/05/2025 6 27/11/2018 Dzongkha
    Dewey Decimal Classification     Dzongkha RTC Library RTC Library Dzongkha 08/03/2022 660.00 2803 2   954.98 CHO 30004920 12/03/2024 26/02/2024 9 27/11/2018 Dzongkha
    Dewey Decimal Classification     Dzongkha RTC Library RTC Library Dzongkha 08/03/2022 660.00 2800 1   954.98 CHO 30000521 30/05/2019 28/05/2019 10 27/11/2018 Dzongkha
Royal Thimphu College || All Right Reserved